000 00378nam a2200157Ia 4500
001 13894
003 IN-NITTTR
005 20251114233130.0
008 251113s9999||||xx |||||||||||||| ||eng||
040 _beng
040 _cIN-NITTTR
041 _aeng
082 _a374.013 F448I
245 0 _aIn place of work; policy and provision formthe young employed. /
942 _2ddc
_cBK
999 _c16530
_d16530